La Bourgogne-Franche-Comté par images - Statistiques

Statistiques générales
  • Ce quiz a été pris 502 fois
  • Le résultat moyen est 11 sur 16
Statistiques - réponses
Par images Hint Réponse % Correct
Condiment dijonnais Moutarde de Dijon
99%
Joueur de football Antoine Griezmann
94%
Constructeur automobile Peugeot
93%
Écrivain Victor Hugo
89%
Spécialité du Doubs Saucisse de {Morteau}
79%
Club de football AJ Auxerre
77%
Hôtel-Dieu Hospices de {Beaune}
76%
Scultpure Lion de {Belfort}
75%
Scientifique Louis Pasteur
73%
Bataille Siège d'{Alésia}
69%
Ville Besançon
68%
Plat Bœuf bourguignon
62%
Chanson de Jacques Brel Vesoul
61%
Ville Mâcon
49%
Abbaye Abbaye de {Cluny}
39%
Circuit automobile Circuit de Nevers {Magny}-{Cours}
37%
Aucun quiz correspondant
Distribution des résultats
% des personnes avec chaque résultat
Percentile par nombre de réponses
Votre historique - résultats
Vous n’avez pas pris ce quiz